[Event "OMA-ch Clubs 7th"]
[Site "Muscat"]
[Date "2024.07.14"]
[Round "5.2"]
[White "Al Dhiyabi, Mohammed"]
[Black "Al Abri, Ahmed Hamad"]
[Result "1-0"]
[WhiteElo "1681"]
[BlackElo "1579"]
[PlyCount "67"]
[EventDate "2024.07.11"]
[EventType "team-swiss"]
[EventRounds "9"]
[EventCountry "OMN"]
[SourceTitle "EXT 2025"]
[Source "ChessBase"]
[SourceDate "2024.10.14"]
[SourceVersion "1"]
[SourceVersionDate "2024.10.14"]
[SourceQuality "1"]
[WhiteTeam "Saham"]
[BlackTeam "Al Musanna"]
[WhiteTeamCountry "OMN"]
[BlackTeamCountry "OMN"]

1. d4 Nf6 2. c4 c6 3. Nc3 d5 4. Bf4 e6 5. e3 Bd6 6. Bg3 0-0 7. Nf3 Bxg3 8. hxg3 Nbd7 9. cxd5 exd5 10. Bd3 Re8 11. Qc2 h6 12. Bf5 Nb6 13. g4 Nxg4 14. Rh4 Bxf5 15. Qxf5 Nf6 16. Ne5 Qc8 17. Qf4 Nbd7 18. Qg3 Qc7 19. f4 Nxe5 20. fxe5 c5 21. Rxh6 Re6 22. Rxf6 Rxf6 23. Nxd5 Qa5+ 24. b4 Rg6 25. Qxg6 fxg6 26. bxa5 Rd8 27. Nf4 cxd4 28. Rd1 g5 29. Ne6 Rd5 30. exd4 Rxa5 31. Rd2 Rd5 32. Nxg5 Kf8 33. Ke2 Ke7 34. Ke3 1-0